000 00250nam a2200097Ia 4500
008 240625s9999 xx 000 0 und d
041 _aeng
082 _a808.20 CHA
100 _aCHAKRABORTY SHREYASHI
245 _aPROPOSAL FOR AUTOMATION OF THE HOUSE BUI
999 _c36098
_d36098